Science Quiz

Random Science or Anatomy Quiz

Eye Anatomy Quiz Stats

 Plays Quiz Updated Jun 18, 2018

Score 0/18 Timer 04:00
15 Plays Today
Eye Part % Correct
Cornea
83.8%
Iris
81.7%
Retina
81.5%
Lens
81.4%
Pupil
78.4%
Optic Nerve
75.2%
Sclera
47.6%
Anterior Chamber
(Aqueous Humour)
40.3%
Vitreous Body
37.5%
Eye Part % Correct
Fovea
33.5%
Ciliary Body
27.8%
Choroid
27.2%
Optic Disc
25.4%
Conjunctiva
21.7%
Macula
21.4%
Posterior Chamber
16.7%
Lateral Rectus Muscle
13.5%
Medial Rectus Muscle
13.3%

You're not logged in!

Compare scores with friends on all Sporcle quizzes.
OR
Log In

Sporcle TV

Today on Sporcle TV


Watch our educational content, quiz creation guides, and fun videos on Sporcle TV.

Show Comments

Extras

Top Quizzes Today


Score Distribution

Your Account Isn't Verified!

In order to create a playlist on Sporcle, you need to verify the email address you used during registration. Go to your Sporcle Settings to finish the process.

Report this User

Report this user for behavior that violates our Community Guidelines.

Details: